UBT Library

Present your way to the top / (Record no. 438)

000 -LEADER
fixed length control field 00556nam a22002057a 4500
005 - DATE AND TIME OF LATEST TRANSACTION
control field 20140429051500.0
008 - FIXED-LENGTH DATA ELEMENTS--GENERAL INFORMATION
fixed length control field 091221s2010 nyu b 001 0 eng
020 ## - INTERNATIONAL STANDARD BOOK NUMBER
International Standard Book Number 9780071739948
024 #0 - OTHER STANDARD IDENTIFIER
Terms of availability eng
080 ## - UNIVERSAL DECIMAL CLASSIFICATION NUMBER
Universal Decimal Classification number 658
100 1# - Rafti
Rafti Dempsey, David J.,
245 10 - TITLE STATEMENT
Title Present your way to the top /
Statement of responsibility, etc David J. Dempsey.
250 ## -
-- 1 st.ed.;
260 ## -
-- New York :
-- McGraw-Hill,
-- 2010.
300 ## -
-- 340 f. ;
-- 24 cm.
504 ## - BIBLIOGRAPHY, ETC. NOTE
Bibliography, etc Includes bibliographical references and index.
650 #0 -
-- Biznesi
650 #0 -
-- Të folurit skenik
942 ## - ADDED ENTRY ELEMENTS (KOHA)
Source of classification or shelving scheme
Item type Books
Holdings
Withdrawn status Lost status Source of classification or shelving scheme Damaged status Not for loan Collection code Permanent location Current location Shelving location Date acquired Total Checkouts Full call number Barcode Date last seen Koha item type Price effective from
          Koleksioni i përgjithshem UBT - Ferizaj UBT - Ferizaj Koleksioni i përgjithshem 04/29/2014   658 DEM 003000301 04/29/2014 Books  
          Koleksioni i përgjithshem UBT - Ferizaj UBT - Ferizaj Koleksioni i përgjithshem 04/29/2014   658 DEM 003000302 04/29/2014 Books  
          Koleksioni i përgjithshem UBT - Ferizaj UBT - Ferizaj Koleksioni i përgjithshem 04/29/2014   658 DEM 003000303 04/29/2014 Books  
          Koleksioni i përgjithshem UBT - Ferizaj UBT - Ferizaj Koleksioni i përgjithshem 04/29/2014   658 DEM 003000304 04/29/2014 Books  
          Koleksioni i përgjithshem UBT - Ferizaj UBT - Ferizaj Koleksioni i përgjithshem 04/29/2014   658 DEM 003000305 04/29/2014 Books  
          Koleksioni i përgjithshem UBT - Ferizaj UBT - Ferizaj Koleksioni i përgjithshem 04/29/2014   658 DEM 003000306 04/29/2014 Books  
          Koleksioni i përgjithshem UBT - Ferizaj UBT - Ferizaj Koleksioni i përgjithshem 04/29/2014   658 DEM 003000307 04/29/2014 Books  
          Koleksioni i përgjithshem UBT - Ferizaj UBT - Ferizaj Koleksioni i përgjithshem 04/29/2014   658 DEM 003000308 04/29/2014 Books  
          Koleksioni i përgjithshem UBT - Ferizaj UBT - Ferizaj Koleksioni i përgjithshem 04/29/2014   658 DEM 003000309 04/29/2014 Books  
          Koleksioni i përgjithshem UBT - Ferizaj UBT - Ferizaj Koleksioni i përgjithshem 04/29/2014   658 DEM 003000310 04/29/2014 Books  
          Koleksioni i përgjithshem UBT - Lipjan UBT - Lipjan Koleksioni i përgjithshem 10/23/2015   658 DEM 002-008726 10/23/2015 Books  
          Koleksioni i përgjithshem UBT - Lipjan UBT - Lipjan Koleksioni i përgjithshem 08/29/2017   070 DEM 002-2919028 08/29/2017 Books 08/29/2017
          Koleksioni i përgjithshem UBT - Lipjan UBT - Lipjan Koleksioni i përgjithshem 08/29/2017   070 DEM 002-2919023 08/29/2017 Books 08/29/2017
          Koleksioni i përgjithshem UBT - Lipjan UBT - Lipjan Koleksioni i përgjithshem 08/29/2017   070 DEM 002-2919018 08/29/2017 Books 08/29/2017
UBT Library © 2015-2024. All rights reserved University Education for Business and Technology